00297pab a2200121 454500008004000000100001600040245005300056260000900109300001100118362001100129650001500140773002000155180718b2007 xxu||||| |||| 00| 0 eng d aGregory, S. aActivity-oriented and learner-centred curriculum c2007 ap.1-9. a11 Jun aCurriculum aUniversity News